Gumárenský anglicko-český slovník a český výkladový slovník s anglickými ekvivalenty
Na minha lista:
| Autor principal: | |
|---|---|
| Outros Autores: | |
| Formato: | Livro |
| Idioma: | tcheco |
| Publicado em: |
Zlín
Česká společnost průmyslové chemie místní pobočka, Gumárenská skupina Zlín
2004
|
| Assuntos: | |
| Acesso em linha: | View in OPAC |
| Tags: |
Sem tags, seja o primeiro a adicionar uma tag!
|
MARC
| LEADER | 00000nam a2200000 a 4500 | ||
|---|---|---|---|
| 005 | 20260127134002.0 | ||
| 008 | 051102 2004 xr 000 0 cze d | ||
| 020 | |a 800201667X | ||
| 035 | |a vtls008306606 | ||
| 039 | 9 | |y 200511020902 |z mschk03 | |
| 040 | |a STUSCHK1 |b slo |c STUSCHK1 |e AACR2 | ||
| 080 | |a 801.316.4:678=20=850 | ||
| 100 | 1 | |a Ducháček, Vratislav, |d 1941- |9 735 | |
| 245 | 1 | |a Gumárenský anglicko-český slovník a český výkladový slovník s anglickými ekvivalenty | |
| 260 | |a Zlín |b Česká společnost průmyslové chemie místní pobočka, Gumárenská skupina Zlín |c 2004 | ||
| 300 | |a 155 s. | ||
| 650 | 0 | |a gumárenský anglicko-český slovník |x český výkladový slovník s anglickými ekvivalenty | |
| 700 | 1 | |a Lengálová, Anežka, |d 1956- |9 857 | |
| 910 | |a SCHK95 | ||
| 919 | |a 80-02-01667-X | ||
| 999 | |c 1533 |d 1533 | ||